|
|
|
|
| LEADER |
00000naa2a2200000 4500 |
| 001 |
506826 |
| 005 |
20240215103315.0 |
| 035 |
|
|
|a (RuTPU)RU\TPU\prd\177957
|
| 035 |
|
|
|a RU\TPU\prd\163518
|
| 090 |
|
|
|a 506826
|
| 100 |
|
|
|a 20130520a2000 k y0rusy50 ca
|
| 101 |
0 |
|
|a rus
|
| 102 |
|
|
|a RU
|
| 200 |
1 |
|
|a Электрофизические свойства Li-Ti феррита
|f А. П. Суржиков, В. В. Пешев, С. А. Гынгазов
|
| 330 |
|
|
|a Путем измерения емкости и полной проводимости мостовым методом были получены температурные зависимости действительной и мнимой частей комплексной диэл. проницаемости Li-Ti феррита в интервале (77-500 К). Измерения проводились на частоте 1 МГц при напряжении измерительного сигнала 250 мВ. Обнаружены 2 типа диполей и наличие значительной проводимости. Методом регрессионного анализа полученных зависимостей определены значение статической диэл. проницаемости εs=6,2×104, значения энергий активации U1=0,06 эВ, U2=0,16 эВ и предэкспоненциальных факторов, характеризующих постоянные времени переориентации каждого типа диполей, а также значение энергии активации Uσ=0,27 эВ, характеризующее перенос носителей заряда в эл. поле
|
| 461 |
|
1 |
|0 (RuTPU)RU\TPU\prd\485
|t Перспективные материалы
|o научный журнал
|d 1996-
|
| 463 |
|
1 |
|0 (RuTPU)RU\TPU\prd\93922
|t № 6
|v С. 66-69
|d 2000
|
| 610 |
1 |
|
|a труды учёных ТПУ
|
| 700 |
|
1 |
|a Суржиков
|b А. П.
|c физик
|c профессор Томского политехнического университета, доктор физико-математических наук
|f 1951-
|g Анатолий Петрович
|3 (RuTPU)RU\TPU\pers\22010
|9 9307
|
| 701 |
|
1 |
|a Пешев
|b В. В.
|c специалист в области электротехники
|c ведущий научный специалист Томского политехнического университета
|f 1948-
|g Владимир Викторович
|3 (RuTPU)RU\TPU\pers\31082
|
| 701 |
|
1 |
|a Гынгазов
|b С. А.
|c специалист в области электроники
|c профессор Томского политехнического университета, доктор технических наук
|f 1958-
|g Сергей Анатольевич
|3 (RuTPU)RU\TPU\pers\26531
|9 12225
|
| 801 |
|
1 |
|a RU
|b 63413507
|c 20101024
|
| 801 |
|
2 |
|a RU
|b 63413507
|c 20160624
|g RCR
|
| 942 |
|
|
|c BK
|